00290nam a2200109Ia 4500008004100000041000800041100002000049245003600069260003500105300000800140700003200148250110s9999 xx 000 0 und d aeng aPatankar Rutuja aInternational Airport At Nagpur bFinal Year B. Arch, BNCAc2014 a89p aGuide Name:Chandwania Dhruv